000 00441cam a22001695i 4500
999 _c102612
_d102612
001 18978118
005 20180731090954.0
008 160217s2016 inu 000 0 eng
020 _a9789332575790
040 _cPK-LaUMT
082 _a004.68076
_bODO-C
100 1 _aOdom, Wendell
245 1 0 _aCCENT/CCNA ICND1 100-105 official cert guide /
_cWendell Odom
260 _aNoida :
_bPearson,
_c2016
300 _a965 p.
_eCD
942 _cBK